[Event "Vilafranca del Penedes op 2nd"]
[Site "Vilafranca del Penedes"]
[Date "2008.06.06"]
[Round "8.9"]
[White "Soteras Largo, Angel"]
[Black "Marco Molina, Rafael"]
[Result "1-0"]
[WhiteElo "1895"]
[BlackElo "2069"]
[PlyCount "33"]
[EventDate "2008.04.11"]
[EventType "swiss"]
[EventRounds "8"]
[EventCountry "ESP"]
[SourceTitle "EXT 2024"]
[Source "ChessBase"]
[SourceDate "2023.10.10"]
[SourceVersion "1"]
[SourceVersionDate "2023.10.10"]
[SourceQuality "1"]

1. e4 c5 2. Nc3 d6 3. f4 g6 4. Nf3 Bg7 5. Bc4 Nc6 6. 0-0 Nf6 7. d3 0-0 8. e5 dxe5 9. fxe5 Nxe5 10. Nxe5 Qd4+ 11. Kh1 Qxe5 12. Bf4 Qh5 13. Nd5 Nxd5 14. Qxh5 gxh5 15. Bxd5 Bxb2 16. Rab1 e5 17. Bh6 1-0

[Event "Vilafranca del Penedes op 2nd"]
[Site "Vilafranca del Penedes"]
[Date "2008.04.11"]
[Round "1.6"]
[White "Santiago Abril, Narcis J"]
[Black "Marco Molina, Rafael"]
[Result "1-0"]
[WhiteElo "1906"]
[BlackElo "2069"]
[PlyCount "117"]
[EventDate "2008.04.11"]
[EventType "swiss"]
[EventRounds "8"]
[EventCountry "ESP"]
[SourceTitle "EXT 2024"]
[Source "ChessBase"]
[SourceDate "2023.10.10"]
[SourceVersion "1"]
[SourceVersionDate "2023.10.10"]
[SourceQuality "1"]

1. e4 c5 2. Nf3 d6 3. c3 Nf6 4. Qc2 Qc7 5. Bb5+ Bd7 6. Bxd7+ Nbxd7 7. 0-0 g6 8. Na3 a6 9. Re1 Bg7 10. b3 b5 11. Bb2 0-0 12. Rad1 Rac8 13. Qb1 c4 14. d4 cxd3 15. Qxd3 Ng4 16. h3 Nge5 17. Nxe5 Nxe5 18. Qd2 Qb6 19. c4 bxc4 20. Bxe5 c3 21. Qd4 Qxd4 22. Bxd4 c2 23. Rc1 Bxd4 24. Rxc2 Rxc2 25. Nxc2 Be5 26. g3 Rc8 27. Re2 Kg7 28. Nb4 a5 29. Nd5 Rc1+ 30. Kg2 e6 31. Nb6 Bd4 32. Nc4 a4 33. Nxd6 axb3 34. axb3 Rb1 35. Rc2 Rxb3 36. Rc7 Be5 37. Ne8+ Kf8 38. Rc8 Ke7 39. f4 Rb2+ 40. Kf3 Rb3+ 41. Kg2 Rb2+ 42. Kf3 Rb3+ 43. Kg2 Bd4 44. e5 f6 45. Nxf6 h5 46. Rc7+ Kf8 47. Nh7+ Kg8 48. Ng5 h4 49. gxh4 Be3 50. Nxe6 Rb6 51. Rg7+ Kh8 52. Rxg6 Rb1 53. h5 Kh7 54. Kf3 Bd2 55. Ng5+ Kh8 56. Ne4 Rb3+ 57. Kg4 Be1 58. Kf5 Rxh3 59. Nf6 1-0